Sports Quiz

Random Sports Quiz

Pro Bowl QBs Since 2000 Quiz Stats

 Plays Quiz not verified by Sporcle

Score 0/33 Timer 06:00
0 Plays Today
# of Pro Bowls QB Name % Correct
9Peyton Manning
99.7%
1Eli Manning
99.7%
5Tom Brady
98.1%
6Brett Favre
96.4%
6Donovan McNabb
94.2%
4Drew Brees
92.7%
2Philip Rivers
91.9%
3Kurt Warner
90.2%
3Tony Romo
87.1%
3Michael Vick
87%
1Ben Roethlisberger
86.3%
2Vince Young
81.4%
1Jay Cutler
81.4%
3Matt Hasselbeck
80.7%
1Aaron Rodgers
80.5%
1Matt Schaub
77.9%
1Kerry Collins
77.9%
# of Pro Bowls QB Name % Correct
3Daunte Culpepper
77.7%
2Carson Palmer
77.3%
3Rich Gannon
74.3%
3Steve McNair
73.6%
1Drew Bledsoe
73.4%
1Brad Johnson
73%
2Marc Bulger
72.9%
1Jake Delhomme
70.8%
4Jeff Garcia
70.4%
2Trent Green
68.4%
1David Garrard
67.3%
1Derek Anderson
61.9%
1Jake Plummer
58.2%
1Brian Griese
35.4%
1Kordell Stewart
35.3%
1Elvis Grbac
32.9%

You're not logged in!

Compare scores with friends on all Sporcle quizzes.
OR
Log In

Show Comments

Extras

Created Nov 14, 2010ReportNominate
Tags:2000, bowl, pro, Pro Bowl, Quarterbacks

Top Quizzes Today


Score Distribution

Your Account Isn't Verified!

In order to create a playlist on Sporcle, you need to verify the email address you used during registration. Go to your Sporcle Settings to finish the process.

Report this User

Report this user for behavior that violates our Community Guidelines.

Details: